LEADER 01109nam a22002771i 4500 001 991000885209707536 005 20021104100447.0 008 021104s1974 it |||||||||||||||||ita 035 $ab12069048-39ule_inst 035 $aARCHE-015884$9ExL 040 $aDip.to Filologia Ling. e Lett.$bita$cA.t.i. Arché s.c.r.l. Pandora Sicilia s.r.l. 082 04$a364.1310 100 1 $aPadula, Vincenzo$0173231 245 10$aCronache del brigantaggio in Calabria :$b1864-1865 /$cVincenzo Padula ; a cura di A. Piromalli e D. Scafoglio 260 $aNapoli :$bAthena,$cstampa 1974 300 $aXXXII, 133 p. ;$c17 cm 490 0 $aMateriali e strumenti ;$v1 650 4$aBrigantaggio$zCalabria$y1864-1865 700 1 $aPiromalli, Antonio 700 1 $aScafoglio, Domenico 907 $a.b12069048$b28-04-17$c01-04-03 912 $a991000885209707536 945 $aLE008 FL.M. (f.r.) XXII C 36$g1$i2008000519568$lle008$o-$pE0.00$q-$rl$s- $t0$u0$v0$w0$x0$y.i1236602x$z01-04-03 996 $aCronache del brigantaggio in Calabria$9139403 997 $aUNISALENTO 998 $ale008$b01-04-03$cm$da $e-$fita$git $h0$i1 LEADER 02630oam 2200673Ia 450 001 9910778556503321 005 20190503073350.0 010 $a0-262-25806-4 010 $a1-282-69435-9 010 $a9786612694356 010 $a0-262-25865-X 024 8 $a3035586 035 $a(CKB)1000000000806033 035 $a(OCoLC)459795812 035 $a(CaPaEBR)ebrary10326188 035 $a(SSID)ssj0000121588 035 $a(PQKBManifestationID)11135229 035 $a(PQKBTitleCode)TC0000121588 035 $a(PQKBWorkID)10110871 035 $a(PQKB)11253839 035 $a(StDuBDS)EDZ0000130724 035 $a(MiAaPQ)EBC3339044 035 $a(OCoLC)459795812$z(OCoLC)646821541$z(OCoLC)743201363$z(OCoLC)748590762$z(OCoLC)816568664$z(OCoLC)871976823$z(OCoLC)961541777$z(OCoLC)962638624$z(OCoLC)1055367652$z(OCoLC)1058002927$z(OCoLC)1058060656$z(OCoLC)1062867638$z(OCoLC)1081191535 035 $a(OCoLC-P)459795812 035 $a(MaCbMITP)8342 035 $a(Au-PeEL)EBL3339044 035 $a(CaPaEBR)ebr10326188 035 $a(CaONFJC)MIL269435 035 $a(EXLCZ)991000000000806033 100 $a20091026d2009 uy 0 101 0 $aeng 135 $aur||||||||||| 181 $ctxt 182 $cc 183 $acr 200 10$aChips and change $ehow crisis reshapes the semiconductor industry /$fClair Brown and Greg Linden 210 $aCambridge, Mass. $cMIT Press$d©2009 215 $a1 online resource (270 p.) 300 $aBibliographic Level Mode of Issuance: Monograph 311 $a0-262-51682-9 311 $a0-262-01346-0 320 $aIncludes bibliographical references and index. 327 $aLoss of competitive advantage -- Rising costs of fabrication -- Rising costs of design -- Consumer price squeeze -- Limits to Moore's law -- Finding talent -- Low returns, high risk -- New global competition -- Conclusion: the way ahead. 330 8 $aThis title looks at how the chip industry has responded to a series of crises over the past 25 years, often reinventing itself and shifting the basis for a global competitive advantage. 606 $aSemiconductor industry$xManagement 606 $aBusiness cycles 610 $aBUSINESS/Business Technology 610 $aBUSINESS/Innovation 615 0$aSemiconductor industry$xManagement. 615 0$aBusiness cycles. 676 $a338.4/762138152 700 $aBrown$b Clair$f1946-$01525712 701 $aLinden$b Greg$f1959-$01525713 801 0$bOCoLC-P 801 1$bOCoLC-P 906 $aBOOK 912 $a9910778556503321 996 $aChips and change$93767262 997 $aUNINA